[Event "SVK-chT 1819"]
[Site "Slovakia"]
[Date "2019.04.14"]
[Round "11.4"]
[White "Petrik, Tomas"]
[Black "Berezjuk, Sergej"]
[Result "0-1"]
[WhiteElo "2476"]
[BlackElo "2417"]
[PlyCount "138"]
[EventDate "2018.11.10"]
[EventType "team-tourn"]
[EventRounds "11"]
[EventCountry "SVK"]
[SourceTitle "CBM 189 Extra"]
[Source "ChessBase"]
[SourceDate "2019.06.03"]
[SourceVersion "1"]
[SourceVersionDate "2019.06.03"]
[SourceQuality "1"]
[WhiteTeam "Zilina Mladost"]
[BlackTeam "Osuske"]
[WhiteTeamCountry "SVK"]
[BlackTeamCountry "SVK"]

1. e4 c5 2. Nf3 Nc6 3. d4 cxd4 4. Nxd4 e5 5. Nb5 d6 6. c4 Be7 7. Be2 f5 8. exf5 Bxf5 9. 0-0 Nf6 10. N1c3 a6 11. Na3 0-0 12. Nc2 Qd7 13. b3 Kh8 14. Ne3 Be6 15. Ned5 Bd8 16. Be3 Ba5 17. Rc1 Bxc3 18. Nxc3 Ne7 19. f3 d5 20. cxd5 Nexd5 21. Nxd5 Nxd5 22. Bc5 Rfd8 23. Re1 Qf7 24. Qc2 Bf5 25. Qb2 e4 26. fxe4 Bxe4 27. Bf1 Qg6 28. Qf2 Nf6 29. Rc3 Bc6 30. Rg3 Ng4 31. Qf4 Qh5 32. Qxg4 Qxc5+ 33. Kh1 Qd4 34. h3 Qf6 35. Bd3 Rd4 36. Qh5 Rh4 37. Qe5 Qxe5 38. Rxe5 Rd8 39. Re7 g6 40. Rc7 Rd7 41. Rxd7 Bxd7 42. Re3 Bc6 43. Kg1 Kg7 44. Kf2 Rd4 45. g3 Kf6 46. h4 h6 47. Ke2 g5 48. hxg5+ hxg5 49. Bc4 Be4 50. Bg8 Bf5 51. Rc3 Rd8 52. Bc4 b5 53. Bxb5 axb5 54. Rc5 b4 55. Ra5 Rc8 56. Ra4 Rc2+ 57. Ke3 g4 58. Rxb4 Rxa2 59. Rb8 Rg2 60. Rf8+ Kg5 61. Rg8+ Kf6 62. b4 Ke5 63. Re8+ Be6 64. b5 Rxg3+ 65. Kf2 Rb3 66. Rb8 g3+ 67. Ke2 Bc4+ 68. Kd2 g2 69. Re8+ Be6 0-1

[Event "CZE-chT2F 1819"]
[Site "Czech Republic"]
[Date "2019.03.17"]
[Round "10.1"]
[White "Bures, Martin R"]
[Black "Berezjuk, Sergej"]
[Result "1/2-1/2"]
[WhiteElo "2102"]
[BlackElo "2417"]
[PlyCount "113"]
[EventDate "2018.10.14"]
[EventType "team-tourn"]
[EventRounds "11"]
[EventCountry "CZE"]
[SourceTitle "EXT 2022"]
[Source "ChessBase"]
[SourceDate "2021.10.06"]
[SourceVersion "1"]
[SourceVersionDate "2021.10.06"]
[SourceQuality "1"]
[WhiteTeam "Havirov Banik"]
[BlackTeam "Dobra"]
[WhiteTeamCountry "CZE"]
[BlackTeamCountry "CZE"]

1. d4 d5 2. c4 dxc4 3. Nf3 Nf6 4. e3 e6 5. Bxc4 c5 6. 0-0 a6 7. dxc5 Bxc5 8. Qxd8+ Kxd8 9. a3 a5 10. b3 Nbd7 11. Bb2 b6 12. Nc3 Bb7 13. Rfd1 Ke7 14. Na4 Rhc8 15. Ne5 Rc7 16. Bb5 Bd5 17. Nc4 Bc6 18. Bxc6 Rxc6 19. Ne5 Nxe5 20. Bxe5 Ne8 21. Rac1 Rac8 22. Bb2 b5 23. Nc3 b4 24. axb4 Bxb4 25. Na4 f6 26. Kf1 Nd6 27. Rxc6 Rxc6 28. Rc1 Kd7 29. Rxc6 Kxc6 30. f3 e5 31. Ke2 e4 32. Nc3 exf3+ 33. gxf3 Nb7 34. Na4 Bd6 35. h3 Kb5 36. Bc3 Bb4 37. Kd3 Nd8 38. Bb2 Ne6 39. f4 f5 40. Be5 Bf8 41. Bc3 g6 42. Bd2 Bb4 43. Bc1 Be1 44. Kc2 Bh4 45. Bd2 Bf6 46. Kd3 g5 47. fxg5 Nxg5 48. Nc3+ Bxc3 49. Bxc3 Nxh3 50. Kd4 f4 51. exf4 Nxf4 52. Ke4 Ne2 53. Be1 Nc1 54. Kf5 Nxb3 55. Bxa5 Kxa5 56. Kg5 Nc5 57. Kh6 1/2-1/2